00473 2200181 4500001002100000005001500021035002000036008004100056100001900097245003300116300001300149020002200162082000800184084001400192260003800206650002800244990001900272INLIS00000000000138020240823121546 a0010-0724001380 ind  aFredila, Ronny aTranspondex /cRonny Fredila a282 hlm. a978-602-8349-80-2 a813 a813 RON t aJakarta Selatan :bRicardo,c2010 aLain-lain Cabang Teknik aP29/CP/24/1380